| 000 | 00460nam a2200157Ia 4500 | ||
|---|---|---|---|
| 001 | 138149 | ||
| 003 | 230291 | ||
| 005 | 20241026062603.0 | ||
| 008 | ||||||n9999 ||| || || | ||
| 082 | _a350722 | ||
| 245 | 0 | _aCobertura del régimen presupuesta , para las empresas industriales y comerciales del estado y sus asimiladas | |
| 562 | _e0 | ||
| 650 |
_aCOMPOSICIÓN DEL GASTO PÚBLICO _921988 |
||
| 650 | 0 |
_aGastos públicos _95525 |
|
| 942 | _cTESIS | ||
| 999 |
_c138149 _d138149 |
||